Thesis Open Access
Gebisa Adamu
<?xml version='1.0' encoding='UTF-8'?>
<record xmlns="http://www.loc.gov/MARC21/slim">
<leader>00000nam##2200000uu#4500</leader>
<datafield tag="041" ind1=" " ind2=" ">
<subfield code="a">eng</subfield>
</datafield>
<datafield tag="653" ind1=" " ind2=" ">
<subfield code="a">ey word: - firm related factors, credit suppliers' characteristics, Micro and Small Enterprise, Access to credit, logistic regression, Robe Town.</subfield>
</datafield>
<controlfield tag="005">20250721075605.0</controlfield>
<controlfield tag="001">10665</controlfield>
<datafield tag="700" ind1=" " ind2=" ">
<subfield code="4">ths</subfield>
<subfield code="a">Suyahili R. (PhD)</subfield>
</datafield>
<datafield tag="856" ind1="4" ind2=" ">
<subfield code="s">1868889</subfield>
<subfield code="z">md5:7d92fa5b37d3f4516ae5a1764c2223bd</subfield>
<subfield code="u">https://zenodo.org/record/10665/files/Adamu Gabisa.pdf</subfield>
</datafield>
<datafield tag="542" ind1=" " ind2=" ">
<subfield code="l">open</subfield>
</datafield>
<datafield tag="260" ind1=" " ind2=" ">
<subfield code="c">2023-07-21</subfield>
</datafield>
<datafield tag="909" ind1="C" ind2="O">
<subfield code="p">user-mwu123-un</subfield>
<subfield code="o">oai:zenodo.org:10665</subfield>
</datafield>
<datafield tag="100" ind1=" " ind2=" ">
<subfield code="u">Madda walabu University</subfield>
<subfield code="a">Gebisa Adamu</subfield>
</datafield>
<datafield tag="245" ind1=" " ind2=" ">
<subfield code="a">DETERMINANTS OF ACCESS TO CREDIT FOR MICRO AND SMALL SCALE ENTERPRISES: IN CASE OF ROBE TOWN</subfield>
</datafield>
<datafield tag="980" ind1=" " ind2=" ">
<subfield code="a">user-mwu123-un</subfield>
</datafield>
<datafield tag="540" ind1=" " ind2=" ">
<subfield code="u">http://www.opendefinition.org/licenses/cc-by</subfield>
<subfield code="a">Creative Commons Attribution</subfield>
</datafield>
<datafield tag="650" ind1="1" ind2="7">
<subfield code="a">cc-by</subfield>
<subfield code="2">opendefinition.org</subfield>
</datafield>
<datafield tag="520" ind1=" " ind2=" ">
<subfield code="a"><table>
<tbody>
<tr>
<td>Abstract</td>
</tr>
</tbody>
</table>
<p>This study aims to assess determinants of access to credit for Micro and Small Scale Enterprises: The case of Robe Town. To achieve the study objective both from Primary and secondary data were collected. Primary data were collected using questionnaire which was distributed to 335 samples from 2,009 total MSEs using probability sampling method and convenience sampling technique was apply. Explanatory research designs and also qualitative and quantitative research approach was used. To analyse the collected data the study was used descriptive statistics and infrential were used to determine the main determinants of access to credit of MSE. Firm (MSE) related factors (legal form of the business, awareness towards fundraising, financial literacy, collateral security and age of firms) and credit suppliers characteristics (cost of credit and credit policy) are independent variables while access to credit is dependent variable for this study. Findings revealed that Awareness towards fundraising, financial literacy, collateral security, age of firms, cost of credit and credit policy are the most significant factors affecting the access to credit for MSES in the study area. As a result of this, the researcher suggests that the government should provide credit guarantee arrangements that would act as alternative to the lending institution in case MSEs fails to pay. Government through the ministry of finance should ensure that they allow concessional cost of credit and implement it. The MSEs should have systematic process of financial awareness targeting to obtain awareness. MSEs Operators should have basics knowledge on financial and business management skills. Additionally, they should create a framework of assisting MSEs register their businesses as well as aiding them in the event of changing their business from practice to another.&nbsp; &nbsp; &nbsp; &nbsp; &nbsp; &nbsp; 7</p></subfield>
</datafield>
<datafield tag="773" ind1=" " ind2=" ">
<subfield code="n">doi</subfield>
<subfield code="i">isVersionOf</subfield>
<subfield code="a">10.20372/nadre:10664</subfield>
</datafield>
<datafield tag="024" ind1=" " ind2=" ">
<subfield code="a">10.20372/nadre:10665</subfield>
<subfield code="2">doi</subfield>
</datafield>
<datafield tag="980" ind1=" " ind2=" ">
<subfield code="a">publication</subfield>
<subfield code="b">thesis</subfield>
</datafield>
</record>
| All versions | This version | |
|---|---|---|
| Views | 0 | 0 |
| Downloads | 0 | 0 |
| Data volume | 0 Bytes | 0 Bytes |
| Unique views | 0 | 0 |
| Unique downloads | 0 | 0 |